00621nam a2200205Ia 450000500170000000800410001702000180005804100120007608200160008810000260010424500950013025000120022526000550023730000190029265000160031165000140032765000270034165000220036870000250039020260429111932.0260429s9999||||xx |||||||||||||| ||und|| a9789359786742 aEnglish a796.06bSIN aSingh, Yatendra Kumar 0aKey concepts in sports management planning, execution and success / cYatendra Kumar Singh a1st ed. aNew Delhi : bFriends Publications (India),c2023. aix, 181 p.; hb a Leadership a Planning a Sports administration aSports management a Singh, Gaurav Kumar